Разработка квалификационных рамок для землеустройства (Запись № 12588114)

Подробности
000 -МАРКЕР
контрольное поле 04766nam0a2200481 4500
001 - ИДЕНТИФИКАТОР ЗАПИСИ
контрольное поле RU\NLR\BIBL_A\012903132
005 - ИДЕНТИФИКАТОР ВЕРСИИ
контрольное поле 20230126160258.0
010 ## - МЕЖДУНАРОДНЫЙ СТАНДАРТНЫЙ НОМЕР КНИГИ (ISBN)
Номер (ISBN) 978-5-9215-0380-9
Тираж 500
021 ## - НОМЕР ГОСУДАРСТВЕННОЙ РЕГИСТРАЦИИ
Код страны Российская Федерация
Номер КН-П-22-055294
Номер Листа государственной регистраци КН-П-22-4795
035 ## - ДРУГИЕ СИСТЕМНЫЕ НОМЕРА
Идентификатор записи (NLR Aleph) 012903132
035 ## - ДРУГИЕ СИСТЕМНЫЕ НОМЕРА
Идентификатор записи (RuMoRGB)011182422
100 ## - ДАННЫЕ ОБЩЕЙ ОБРАБОТКИ
Данные общей обработки 20221005d2014 k y0rusy50 ca
101 0# - ЯЗЫК РЕСУРСА
Язык текста, звукозаписи и т.д. русский
-- английский
102 ## - СТРАНА ПУБЛИКАЦИИ ИЛИ ПРОИЗВОДСТВА
Страна публикации Российская Федерация
105 ## - ПОЛЕ КОДИРОВАННЫХ ДАННЫХ: ТЕКСТОВЫЕ МАТЕРИАЛЫ, МОНОГРАФИЧЕСКИЕ
Кодированные данные о монографическом текстовом документе a zj 000zy
181 #0 - ПОЛЕ КОДИРОВАННЫХ ДАННЫХ: ВИД СОДЕРЖАНИЯ
Код вида содержания (ISBD) i
Код характеристики содержания (ISBD) axxe
182 #0 - ПОЛЕ КОДИРОВАННЫХ ДАННЫХ: ТИП СРЕДСТВА
Код типа средства (ISBD) n - непосредственное
200 1# - ЗАГЛАВИЕ И СВЕДЕНИЯ ОБ ОТВЕТСТВЕННОСТИ
Основное заглавие Разработка квалификационных рамок для землеустройства
Параллельное заглавие Elaboration of qualification frameworks for land management
Сведения, относящиеся к заглавию аналитический обзор
-- информационно-методические материалы, предназначенные для использования профессорско-преподавательским составом и администрацией вузов, реализующих образовательные программы высшего профессионального образования в области землеустройства и кадастров
Первые сведения об ответственности Е. М. Чепурин, профессор, кандидат экономических наук, А. А. Мурашева, профессор, доктор экономических наук, Стефан Игнар, профессор Варшавского университета наук о жизни (Польша) [и др.]
Последующие сведения об ответственности co-funded by the Tempus programme of the European Union, Проект Tempus IV 530690-TEMPUS-1-2012-1-PL-TEMPUS-SMHES "Разработка квалификационных рамок для землеустройства в Российских университетах ELFRUS"
Язык параллельного заглавия английский
203 ## - ВИД СОДЕРЖАНИЯ И ТИП СРЕДСТВА
Вид содержания Текст
Дополнительные сведения об издании визуальный
Тип средства непосредственный
210 ## - ПУБЛИКАЦИЯ, РАСПРОСТРАНЕНИЕ И ДР.
Место издания, распространения и т.д. Москва
Имя издателя, распространителя и т. д. редакционно-издательский отдел ГУЗ
Дата издания, распространения и т.д. 2014
215 ## - ФИЗИЧЕСКАЯ ХАРАКТЕРИСТИКА
Специфическое обозначение материала и объем 112 с.
Другие сведения о физической характеристике ил., табл.
Размеры 20
225 1# - СЕРИЯ
Основное заглавие серии Серия "Методические пособия и информационные материалы"
Параллельное заглавие серии Series "Methodical manuals and information materials"
Обозначение тома вып. 1
Язык параллельного заглавия английский
300 ## - ОБЩИЕ ПРИМЕЧАНИЯ
Текст примечания Авт. указаны на обороте тит. с.
300 ## - ОБЩИЕ ПРИМЕЧАНИЯ
Текст примечания Часть текста парал.: рус., англ.
320 ## - ПРИМЕЧАНИЯ О НАЛИЧИИ В ДОКУМЕНТЕ БИБЛИОГРАФИИ / УКАЗАТЕЛЯ
Текст примечания Библиогр.: с. 109-110 (20 назв.)
330 ## - РЕЗЮМЕ ИЛИ РЕФЕРАТ
Текст примечания Аналитический обзор "Разработка квалификационных рамок для землеустройства" является первой (Выпуск 1) из трех брошюр в серии: "Методические пособия и информационные материалы", предназначенной для преподавателей и сотрудников вузов, осуществляющих подготовку специалистов в области землеустройства и кадастров. В нем рассматриваются актуальные вопросы разработки квалификационных рамок, анализируются пути, документы, опыт разработок и предлагаются рекомендации по их разработке. Обзор может быть рекомендован в качестве учебного пособия для преподавателей, студентов и разработчиков
510 1# - ПАРАЛЛЕЛЬНОЕ ЗАГЛАВИЕ
Параллельное заглавие Elaboration of qualification frameworks for land management
Язык заглавия английский
606 1# - НАИМЕНОВАНИЕ ТЕМЫ КАК ПРЕДМЕТ
Наименование темы Высшее образование
Тематический подзаголовок Рамки квалификаций
-- Составление
Географический подзаголовок Российская Федерация
Формальный подзаголовок Руководства, пособия и т.п
Код системы nlr_sh2
Идентификатор авторитетной/нормативной записи RU\NLR\AUTH\6601593080
606 1# - НАИМЕНОВАНИЕ ТЕМЫ КАК ПРЕДМЕТ
Наименование темы Землеустройство
Тематический подзаголовок Кадры
-- Подготовка
Формальный подзаголовок Руководства, пособия и т.п
Код системы nlr_sh1
-- nlr_sh2
Идентификатор авторитетной/нормативной записи RU\NLR\AUTH\661323745
675 ## - УНИВЕРСАЛЬНАЯ ДЕСЯТИЧНАЯ КЛАССИФИКАЦИЯ (UDC/УДК)
Индекс 332.3(075.8)
Издание 4
686 1# - ИНДЕКСЫ ДРУГИХ КЛАССИФИКАЦИЙ
Индекс Ч484(2Р)п2я7
686 1# - ИНДЕКСЫ ДРУГИХ КЛАССИФИКАЦИЙ
Индекс Ч488.84(2Р)я7
701 #1 - ИМЯ ЛИЦА - АЛЬТЕРНАТИВНАЯ ОТВЕТСТВЕННОСТЬ
Начальный элемент ввода Чепурин
Часть имени, кроме начального элемента ввода Е. М.
Расширение инициалов личного имени Евгений Михайлович
701 #1 - ИМЯ ЛИЦА - АЛЬТЕРНАТИВНАЯ ОТВЕТСТВЕННОСТЬ
Начальный элемент ввода Мурашева
Часть имени, кроме начального элемента ввода А. А.
Расширение инициалов личного имени Алла Андреевна
701 #1 - ИМЯ ЛИЦА - АЛЬТЕРНАТИВНАЯ ОТВЕТСТВЕННОСТЬ
Начальный элемент ввода Игнар
Часть имени, кроме начального элемента ввода С.
Расширение инициалов личного имени Стефан
712 02 - НАИМЕНОВАНИЕ ОРГАНИЗАЦИИ - ВТОРИЧНАЯ ОТВЕТСТВЕННОСТЬ
Начальный элемент ввода "Разработка квалификационных рамок для землеустройства в российских университетах ELFRUS", проект Темпус IV 530690-TEMPUS-1-2012-1-PL-TEMPUS-SMHES
Идентификатор авторитетной/нормативной записи RU\NLR\AUTH\880397428
Код отношения Прочие
942 ## - ДОПОЛНИТЕЛЬНЫЕ ЭЛЕМЕНТЫ ЗАПИСИ (АБИС)
Тип экземпляра АБИС Книга
980 ## - КОЛЛЕКЦИЯ
Название коллекции НБР
980 ## - КОЛЛЕКЦИЯ
Название коллекции Национальная библиография

Нет доступных экземпляров.